00589nam a2200169Ia 450000500170000000800410001708200190005810000190007724500330009625000160012926000370014530000120018250001090019494200060030395200950030999900150040420250304234921.0240331s9999 xx 000 0 und d bVIS21560a920 aViswanathan, S 0aTamil Tentral:bTiru. Vi. Ka a2nd Edition aMadrasbTamil Puthakalayamc1987 a180 p., aA collection of essays by Thiru. V. K, an Indian scholar, essayist, and activist for the Tamil language. cL 001040708LaWERCLbWERCLcSSCd2024-03-31l0o 920 VISp1560r2024-03-31w2024-03-31yL c4274d4274